Donna Alla Finstra

Sábháilte in:
Sonraí bibleagrafaíochta
Príomhchruthaitheoir: Catherine Dunne
Formáid: LEABHAR
Teanga:Teanga Anaithnid nó Neamhbhailí
Foilsithe / Cruthaithe: Guanda
Clibeanna: Cuir clib leis
Níl clibeanna ann, Bí ar an gcéad duine le clib a chur leis an taifead seo!

MARC

LEADER 00000nam a2200000Ia 4500
001 R-496
003 CODICE-MESSINA
005 20260212102452.0
008 260211s9999 xx 000 0 und d
040 |c importazione_messina 
100 |a Catherine Dunne 
245 0 |a Donna Alla Finstra  
260 |b Guanda 
942 |2 ddc  |c BK 
952 |0 0  |1 0  |2 ddc  |4 0  |6 SCAFFALE_5_000000000000000__ROMANZI  |7 0  |9 31316  |a ME  |b ME  |d 2026-02-11  |l 0  |o SCAFFALE 5 - ROMANZI  |p R-496  |r 2026-02-11 23:52:28  |w 2026-02-11  |x [REVISIONARE]  |y BK 
999 |c 26980  |d 26980